{"text_format":"3","workbook":"xlsx","n_sheets":1,"sheets":["Sheet1"],"read":"whole","date_system":"1900"}

{"sheet":"Sheet1","index":0,"n_rows":40,"n_cols":7,"rows_kept":40,"merged":[[0,0,0,6],[35,1,35,5],[39,0,39,6]]}
["2024年度 大学生双创耗材清单-植物系"]
["序号","耗材品名","型号规格","单位","数量","参考单价（元）","单项控制价（元）"]
[1,"25%吡蚜酮","可湿性粉剂","20g/袋",40,3,{"$f":"E3*F3","v":120}]
[2,"50%吡蚜酮","水分散粒剂","10g/袋",25,3,{"$f":"E4*F4","v":75}]
[3,"20%茚虫威","乳油","50ml/瓶",5,30,150]
[4,"30%茚虫威","水分散粒剂","5g/袋",25,4,100]
[5,"40%三环唑","悬浮剂","200ml/瓶",25,18,450]
[6,"20%呋虫胺","悬浮剂","100ml/瓶",40,10,400]
[7,"25%呋虫胺","可湿性粉剂","100g/袋",10,35,350]
[8,"40%稻瘟酰胺","悬浮剂","100ml/瓶",15,35,525]
[9,"20%稻瘟酰胺","可湿性粉剂","100g/袋",10,25,250]
[10,"50%戊唑醇","悬浮剂","100ml/瓶",25,10,250]
[11,"80%戊唑醇","水分散粒剂","5g/袋",40,3,120]
[12,"25%戊唑醇","可湿性粉剂","100g/袋",10,18,180]
[13,"25%氰烯菌酯","悬浮剂","100ml/瓶",25,13,325]
[14,"20%吡虫啉","乳油","200ml",5,13,65]
[15,"50%咪鲜胺","可湿性粉剂","100g",10,18,180]
[16,"2.5%高效氯氟氰菊酯","乳油","100ml",5,10,50]
[17,"30%丙硫菌唑","悬浮剂","45ml",25,15,375]
[18,"称量纸","120*120mm","包",5,7,35]
[19,"医用手套","独立包装（S）","副",500,0.2,100]
[20,"医用手套","独立包装（M）","副",500,0.2,100]
[21,"镊子","弯头镊子（至少16cm长）","个",10,5,50]
[22,"镊子","扁嘴镊子（至少16cm长）","个",10,10,100]
[23,"镊子","直头镊子（至少16cm长）","个",10,10,100]
[24,"大头针",null,"盒",10,6,60]
[25,"医用外科口罩","独立包装","个",500,0.4,200]
[26,"麦龙净（套装）","5包/套，重120克","套",30,25,750]
[27,"袭禾（套装）","3包/套，重91克","套",40,21,840]
[28,"高效氯氟氰菊脂","12瓶，1000ML/瓶","箱",2,230,460]
[29,"乙酰甲氨磷",{"v":0.4,"d":"40%"},"箱",3,200,600]
[30,"益生菌腐熟发酵大豆","袋装","包",16,120,1920]
[31,"冲施肥","高N高P高K","10KG/包",2,120,240]
[32,"冲施肥","高N低P高K","10KG/包",2,120,240]
[33,"冲施肥","平衡肥","10KG/包",2,120,240]
[null,"总控制价（元）：",{"$nulls":4},{"$f":"SUM(G3:G35)","v":10000}]
[]
[]
[]
["注：1.此表单价为参考价格，报价不得超过控制价；2.可将此表修改为报价单，但其中序号、耗材品名、型号规格、单位、数量不得修改。"]